| Tag |
First Indicator |
Second Indicator |
Subfields |
| LEADER |
00000cam a22000008a 4500 |
| 001 |
in00000071713 |
| 005 |
20151008062346.0 |
| 008 |
810417s1981 nyub b 00110 eng |
| 010 |
|
|
|a 81003150
|
| 020 |
|
|
|a 0801413672
|
| 035 |
|
|
|a (OCoLC)07464209
|
| 035 |
|
|
|9 AAK0056AM
|
| 039 |
0 |
|
|a 2
|b 3
|c 3
|d 3
|e 3
|
| 040 |
|
|
|a DLC
|c DLC
|d TXA
|d UtOrBLW
|
| 043 |
|
|
|a e-gr---
|
| 049 |
|
|
|a TXAM
|c [1672359]
|
| 050 |
0 |
0 |
|a DF229
|b .K33
|
| 082 |
0 |
|
|a 938/.05
|2 19
|
| 100 |
1 |
|
|a Kagan, Donald.
|
| 245 |
1 |
4 |
|a The Peace of Nicias and the Sicilian Expedition /
|c Donald Kagan.
|
| 263 |
|
|
|a 8110
|
| 264 |
|
1 |
|a Ithaca, N.Y. :
|b Cornell University Press,
|c [1981]
|
| 264 |
|
4 |
|c ©1981
|
| 300 |
|
|
|a 393 pages :
|b maps ;
|c 24 cm.
|
| 336 |
|
|
|a text
|b txt
|2 rdacontent
|
| 337 |
|
|
|a unmediated
|b n
|2 rdamedia
|
| 338 |
|
|
|a volume
|b nc
|2 rdacarrier
|
| 500 |
|
|
|a Includes indexes.
|
| 504 |
|
|
|a Bibliography: pages 373-378.
|
| 651 |
|
0 |
|a Greece
|x History
|y Peloponnesian War, 431-404 B.C.
|
| 999 |
|
|
|a MARS
|
| 999 |
f |
f |
|s ccd7e1d1-99bf-354a-bc12-66cf0acdf9cb
|i e94f87a3-744f-3990-83f9-42bd67528640
|t 0
|
| 952 |
f |
f |
|p normal
|a Texas A&M University
|b College Station
|c Sterling C. Evans Library
|d Evans: Library Stacks
|t 0
|e DF229 .K33
|h Library of Congress classification
|i unmediated -- volume
|m A14806098066
|
| 998 |
f |
f |
|a DF229 .K33
|t 0
|l Evans: Library Stacks
|